Catholic University of Zimbabwe Library
Online Public Access Catalogue
(OPAC)

Britannia Waives the Rules (Record no. 9477)

MARC details
000 -LEADER
fixed length control field 00348 a2200121 4500
005 - DATE AND TIME OF LATEST TRANSACTION
control field 20191017172851.0
084 ## - OTHER CLASSIFICATION NUMBER
Classification number DT32 .C84
245 ## - TITLE STATEMENT
Title Britannia Waives the Rules
Medium print
260 ## - PUBLICATION, DISTRIBUTION, ETC.
Place of publication, distribution, etc. sa
Name of publisher, distributor, etc. Nasionale Boekhandel
Date of publication, distribution, etc. 1963
300 ## - PHYSICAL DESCRIPTION
Extent 112 p. 22 cm.
Other physical details 112 p. 22 cm.
Dimensions 112 p. 22 cm.
500 ## - GENERAL NOTE
General note [by] A.T. Culwick.
650 ## - SUBJECT ADDED ENTRY--TOPICAL TERM
Topical term or geographic name entry element History
700 ## - ADDED ENTRY--PERSONAL NAME
Personal name Culwick, A. T. (Arthur Theodore)

No items available.

OPENING HOURS

Weekdays: 0815hrs - 1800hrs
Weekends:0900hrs - 1200hrs

Closed for Mass:

Mon, Thur: 1200hrs - 1300hrs
Sunday & Public Holiday’s

CALL SUPPORT

0242-570570, 0242-570169
09200664, +263 8644140602

LOCATION

18443, Cranborne Avenue, Hatfield, Harare

Other Links


©2021 | CUZ Library